[Stress Techniques – Innovation of Risk Management Methods]

Recenzia zahraničnej vedeckej monografie zameranej na oblasť podnikateľského rizika ako súčasti každej podnikateľskej činnosti. Včasné identifikovanie, pochopenie a vyhodnotenie rizika umožňujúce podnikom optimalizovať rozhodnutia na všetkých úrovniach riadenia. Potrebné vhodné nástroje a metódy či...

ver descrição completa

Na minha lista:
Detalhes bibliográficos
Autor principal: Štetka, Peter, 1986-
Formato: Capítulo de Livro
Idioma:eslovaco
Assuntos:
Tags: Adicionar Tag
Sem tags, seja o primeiro a adicionar uma tag!

MARC

LEADER 00000naa$a2200000$$$4500
001 0273114
005 20240502074314.5
041 0 |a slo 
044 |a SK 
245 1 0 |a [Stress Techniques – Innovation of Risk Management Methods]  |c Peter Štetka 
520 |a Recenzia zahraničnej vedeckej monografie zameranej na oblasť podnikateľského rizika ako súčasti každej podnikateľskej činnosti. Včasné identifikovanie, pochopenie a vyhodnotenie rizika umožňujúce podnikom optimalizovať rozhodnutia na všetkých úrovniach riadenia. Potrebné vhodné nástroje a metódy či manažérske zručnosti a znalosti. Správne využitie existujúcich poznatkov, možnosti modelovania rizika na základe informácií o citlivosti výkonnosti podniku a jeho finančného zdravia. 
610 2 0 |a recenzie 
610 2 0 |a riadenie rizík 
610 2 0 |a riziko podnikateľské 
610 2 0 |a riadenie podnikové 
610 2 0 |a modelovanie 
100 1 |a Štetka, Peter, 1986-